000
00331nam a2200145Ia 4500
008
230718s9999 xx 000 0 und d
041
_a
Eng.
082
_a
391
_b
CHA-C
100
_a
Chapman Noel
245
0
_a
Caspers in Fashion
260
_a
Pakistan
_b
Screet and Maroned
_c
1889
300
_a
117
650
_a
Law
999
_c
26656
_d
26656